Human geography / (Record no. 17043)

MARC details
000 -LEADER
fixed length control field 00977cam a22003255a 4500
001 - CONTROL NUMBER
control field 16654437
003 - CONTROL NUMBER IDENTIFIER
control field MUT
005 - DATE AND TIME OF LATEST TRANSACTION
control field 20240606081408.0
008 - FIXED-LENGTH DATA ELEMENTS--GENERAL INFORMATION
fixed length control field 110216s2009
010 ## - LIBRARY OF CONGRESS CONTROL NUMBER
LC control number 2010481147
016 ## - NATIONAL BIBLIOGRAPHIC AGENCY CONTROL NUMBER
Record control number 20099072270
020 ## - INTERNATIONAL STANDARD BOOK NUMBER
International Standard Book Number 9780195431841 (bound)
020 ## - INTERNATIONAL STANDARD BOOK NUMBER
International Standard Book Number 0195431847 (bound)
035 ## - SYSTEM CONTROL NUMBER
System control number (OCoLC)ocn480910846
040 ## - CATALOGING SOURCE
Original cataloging agency NLC
Language of cataloging eng
Transcribing agency MUT
Modifying agency CDX
-- YDXCP
-- DLC
042 ## - AUTHENTICATION CODE
Authentication code lccopycat
050 00 - LIBRARY OF CONGRESS CALL NUMBER
Classification number GF 41
Item number .N67 2010
055 #0 - CLASSIFICATION NUMBERS ASSIGNED IN CANADA
Classification number GF41
Item number .N67 2010
082 04 - DEWEY DECIMAL CLASSIFICATION NUMBER
Classification number 304.2
Edition information 22
100 1# - MAIN ENTRY--PERSONAL NAME
Personal name Norton, William,
Dates associated with a name 1944-
245 10 - TITLE STATEMENT
Title Human geography /
250 ## - EDITION STATEMENT
Edition statement 7th ed.
260 ## - PUBLICATION, DISTRIBUTION, ETC.
Place of publication, distribution, etc. Don Mills, Ont. :
Name of publisher, distributor, etc. OUP Canada,
Date of publication, distribution, etc. c2009.
300 ## - PHYSICAL DESCRIPTION
Extent xxi, 658 p. :
Other physical details ill. (chiefly col.), maps (chiefly col.) ;
Dimensions 29 cm.
504 ## - BIBLIOGRAPHY, ETC. NOTE
Bibliography, etc. note Includes bibliographical references and index.
650 #0 - SUBJECT ADDED ENTRY--TOPICAL TERM
Topical term or geographic name entry element Human geography
Form subdivision Textbooks.
906 ## - LOCAL DATA ELEMENT F, LDF (RLIN)
a 7
b cbc
c copycat
d 2
e ncip
f 20
g y-gencatlg
942 ## - ADDED ENTRY ELEMENTS (KOHA)
Source of classification or shelving scheme Library of Congress Classification
Koha item type Books
Holdings
Withdrawn status Lost status Source of classification or shelving scheme Damaged status Not for loan Home library Current library Shelving location Date acquired Source of acquisition Total checkouts Full call number Barcode Date last seen Price effective from Koha item type
    Library of Congress Classification     Murang'a University of Technology Library Murang'a University of Technology Library General stacks 18/06/2018 Donation-TFC   GF 41 .N67 2010 022232 30/08/2024 18/06/2018 Books
    Library of Congress Classification     Murang'a University of Technology Library Murang'a University of Technology Library General stacks 21/02/2022 Donation- TFC   GF 41 .N67 2010 029647 30/08/2024 21/02/2022 Books